Financovanie inovačných aktivít firiem pôsobiacich na Slovensku

Na minha lista:
Detalhes bibliográficos
Autor principal: Spišáková, Emília, 1983-
Formato: Capítulo de Livro
Idioma:eslovaco
Tags: Adicionar Tag
Sem tags, seja o primeiro a adicionar uma tag!

MARC

LEADER 00000naa$a2200000$$$4500
001 0162883
005 20240513090035.3
041 0 |a slo 
044 |a SK 
245 1 0 |a Financovanie inovačných aktivít firiem pôsobiacich na Slovensku  |c Emília Spišáková 
100 1 |a Spišáková, Emília, 1983-